La estrella de Sevilla

Saved in:
Bibliografiske detaljer
Hovedforfatter: Vega, Lope de (Author)
Format: Bog
Sprog:spansk
Udgivet: Zaragoza Ebro 1971
Serier:Biblioteca Clásica Ebro. Clásicos Españoles, 117
Fag:
Tags: Tilføj Tag
Ingen Tags, Vær først til at tagge denne postø!

MARC

LEADER 00000nam a2200000 a 4500
001 UCQ6125
003 CL-VaPUC
008 981009e19710000SP |||||||||||||||||spa|d
082 0 4 |a 862  |b VEG  |2 21 
100 0 |a Vega, Lope de  |e author  |9 319628 
245 1 3 |a La estrella de Sevilla 
300 |a 125 p 
942 |c BK 
945 |d 19981009 00:00:00  |a crobeson 
260 |a Zaragoza  |b Ebro  |c 1971 
650 0 |a Dramas españoles  |9 267081 
650 0 |a Literatura española  |9 306261 
583 |a last modification  |c 19981009 00:00:00  |k Rodrigo Vera 
490 0 |a Biblioteca Clásica Ebro. Clásicos Españoles, 117 
999 |c 276127  |d 276125 
952 |0 0  |1 0  |4 0  |6 862_000000000000000_VEG_1971  |7 0  |8 A  |9 313259  |a BIBEDU  |b BIBEDU  |d 2019-11-20  |i 1476106  |o 862 VEG 1971  |p 1476106  |r 2019-11-20  |w 2019-11-20  |y BK  |k LIT